A fenntarthatóság szerepe a bleisure turizmusban Trendek, kihívások és lehetőségek a szervezői oldalon

Bibliográfiai részletek
Szerző: Szakmáry Dalma Laura
További közreműködők: Boros Dr. Kitti
Dokumentumtípus: Diplomadolgozat
Kulcsszavak:fenntarthatóság
szabadidő
szervező
trend
turizmusfejlesztés
utazás
Online Access:http://dolgozattar.uni-bge.hu/59879

MARC

LEADER 00000nta a2200000 i 4500
001 dolg59879
005 20260409145706.0
008 260409suuuu hu om 000 hun d
040 |a BGE Dolgozattár Repozitórium  |b hun 
041 |a hu 
100 1 |a Szakmáry Dalma Laura 
245 1 2 |a A fenntarthatóság szerepe a bleisure turizmusban Trendek, kihívások és lehetőségek a szervezői oldalon  |c Szakmáry Dalma Laura  |h [elektronikus dokumentum] 
520 3 |a Dolgozatomban a fenntarthatóság szerepét vizsgáltam a bleisure turizmusban, különös figyelmet fordítva a MICE események szervezői gyakorlatára. A kutatás során félig strukturált mélyinterjúkat készítettem, hogy feltárjam a szervezők tapasztalatait, kihívásait és lehetőségeit ezen a területen. Az eredmények azt mutatják, hogy a fenntarthatóság iránti igény folyamatosan növekszik, ugyanakkor számos kihívás tapasztalható a tudatosság, a stratégiai tervezés és a gyakorlati megvalósítás terén. Külön nehézséget jelent, hogy a fenntartható megoldások beépítése gyakran nem kizárólag a szervezőkön múlik, hanem nagymértékben függ a megrendelők elvárásaitól és költségvetési döntéseitől is. Dolgozatom célja, hogy rávilágítson a fejlődési lehetőségekre, és gyakorlati javaslatokat kínáljon a fenntarthatósági szempontok hatékonyabb érvényesítésére, ezáltal hozzájárulva a fenntartható turizmus fejlődéséhez. 
695 |a fenntarthatóság 
695 |a szabadidő 
695 |a szervező 
695 |a trend 
695 |a turizmusfejlesztés 
695 |a utazás 
700 1 |a Boros Dr. Kitti  |e ths 
856 4 0 |u http://dolgozattar.uni-bge.hu/59879/1/A%20fenntarthat%C3%B3s%C3%A1g%20szerepe%20a%20bleisure%20turizmusban%20Trendek%2C%20kih%C3%ADv%C3%A1sok%20%C3%A9s%20lehet%C5%91s%C3%A9gek%20a%20szervez%C5%91i%20oldalon.pdf  |z Dokumentum-elérés 
856 4 0 |u http://dolgozattar.uni-bge.hu/59879/2/Szakm%C3%A1ry%20Dalma%20Laura_konzulens_Boros%20Kitti.pdf  |z Dokumentum-elérés 
856 4 0 |u http://dolgozattar.uni-bge.hu/59879/3/Szakdolgozat%20%C3%A9rt%C3%A9kel%C5%91%20Bsc_SzakmaryDL.pdf  |z Dokumentum-elérés